Money and Banking in Pakistan (Record no. 299451)
[ view plain ]
| 000 -LEADER | |
|---|---|
| fixed length control field | 00285 a2200121 4500 |
| 001 - CONTROL NUMBER | |
| control field | 64378 |
| 082 ## - DEWEY DECIMAL CLASSIFICATION NUMBER | |
| Classification number | 332.1 MEE |
| 090 ## - LOCALLY ASSIGNED LC-TYPE CALL NUMBER (OCLC); LOCAL CALL NUMBER (RLIN) | |
| -- | 38010 |
| -- | 38010 |
| 100 ## - MAIN ENTRY--PERSONAL NAME | |
| Personal name | Meenai S A |
| 245 ## - TITLE STATEMENT | |
| Title | Money and Banking in Pakistan |
| 260 ## - PUBLICATION, DISTRIBUTION, ETC. | |
| Place of publication, distribution, etc. | Karachi |
| Name of publisher, distributor, etc. | Oxford University Press |
| Date of publication, distribution, etc. | 1984 |
| 300 ## - PHYSICAL DESCRIPTION | |
| Extent | 308P |
| 942 ## - ADDED ENTRY ELEMENTS (KOHA) | |
| Institution code [OBSOLETE] | NUST-CAE |
| Call number prefix | 332.1 MEE |
| Withdrawn status | Lost status | Damaged status | Not for loan | Collection code | Permanent Location | Current Location | Date acquired | Total Checkouts | Full call number | Barcode | Date last seen | Price effective from | Koha item type |
|---|---|---|---|---|---|---|---|---|---|---|---|---|---|
| College of Aeronautical Engineering (CAE) | College of Aeronautical Engineering (CAE) | 04/03/2017 | 332.1 MEE | CAEG-5253 | 04/05/2017 | 04/05/2017 | Book |
